| 000 | 00000nas 2200000za 4500 |
| 001 | 9.503276 |
| 003 | CaOODSP |
| 005 | 20240506142636 |
| 007 | cr ||||||||||| |
| 008 | 150406d19931997qucar p o f0 b0fre|d |
| 040 | |aCaOODSP|bfre |
| 043 | |an-cn--- |
| 086 | 1 |aEn81-14F-PDF |
| 110 | 2 |aInventaire national des rejets de polluants (Canada) |
| 245 | 10|aRapport sommaire |h[ressource électronique] / |cInventaire national des rejets de polluants. |
| 246 | 17|aRapport sommaire de l'INRP pour ... |
| 260 | |aGatineau, Québec : |bEnvironnement Canada, |c[1995?-1997] |
| 310 | |aAnnuel |
| 362 | 1 |aParaît depuis 1993; ne paraît plus après 1997. |
| 500 | |aPubl. aussi en anglais sous le titre : Summary report. |
| 580 | |aScindé en : Compte rendu national, et : À propos de l'INRP. |
| 692 | 07|2gccst|aPolluant |
| 710 | 1 |aCanada. |bEnvironnement Canada. |
| 775 | 08|tSummary report |w(CaOODSP)9.506870 |
| 785 | 00|tCompte rendu national |w(CaOODSP)9.503279 |